000 00354nam a22001697a 4500
003 NUST
020 _a8178330008
038 _akhadija
082 _a610.28
_bBOH
100 _aBoard, NIIR.
_954864
245 _aMedical Plastics
260 _aNew Dehli
_bAPBP
_c2010
300 _a354 p. ;
500 _aPaperback.
563 _aPB
942 _cBK
_2ddc
999 _c33171
_d33171